Liverpool players to win UCL - Statistics

General Stats
  • This quiz has been taken 38 times
  • The average score is 8 of 16
Answers on the Grid
Answers color-coded by a green-red scale on the quiz's grid according to % correct below.
Salah
Thiago
Mane
Gerrad
Rush
Suarez
Torres
Dalglish
keegan
Firmino
keita
McManaman
isak
kuyt
Nunez
Alisson
Van Dijk
Fabinho
Fowler
Barnes
Reina
Dudek
Agger
Gomez
Messi
Ronaldo
alonso
Alexander-arnold
owen
Henderson
 
Answer Stats
Answer % Correct
Salah
79%
Van Dijk
70%
Alexander-arnold
67%
Alisson
64%
Henderson
64%
Firmino
55%
Mane
55%
Gerrad
52%
Dudek
48%
alonso
45%
Fabinho
45%
Gomez
39%
keita
39%
Dalglish
36%
Rush
33%
keegan
30%
No matching quizzes found
Score Distribution
Percent of People with Each Score
Percentile by Number Answered
Your Score History
You have not taken this quiz